Library of the University of Algiers 3
Ibrahim Sultan Cheibout
شعار جامعة الجزائر 3
مكتبة جامعة الجزائر 3
إبراهيم سلطان شيبوط

تطبيقات محلولة في الاقتصاد الجزئي / (رقم التسجيلة. 42472)

تفاصيل مارك
000 -LEADER
fixed length control field 01273nam a2200205Ia 4500
003 - CONTROL NUMBER IDENTIFIER
control field Ost
005 - DATE AND TIME OF LATEST TRANSACTION
control field 20260507075037.0
008 - FIXED-LENGTH DATA ELEMENTS--GENERAL INFORMATION
fixed length control field 260507s9999||||xx |||||||||||||| ||und||
040 ## - CATALOGING SOURCE
Transcribing agency fsecg
041 ## - LANGUAGE CODE
Language code of text/sound track or separate title ara
082 ## - DEWEY DECIMAL CLASSIFICATION NUMBER
Classification number 330
100 ## - MAIN ENTRY--PERSONAL NAME
Personal name عماري، عمار
Relator term مؤلف
245 #0 - TITLE STATEMENT
Title تطبيقات محلولة في الاقتصاد الجزئي /
Statement of responsibility, etc. عمار عماري
260 ## - PUBLICATION, DISTRIBUTION, ETC.
Place of publication, distribution, etc. عمان:
Name of publisher, distributor, etc. دار المناهج,
Date of publication, distribution, etc. 2002
300 ## - PHYSICAL DESCRIPTION
Extent 256 صفحة؛
Other physical details إيضاحات ؛
Dimensions 24 سم
504 ## - BIBLIOGRAPHY, ETC. NOTE
Bibliography, etc. note ببلوغرافيا ص. 252؛ ملاحق ص. 255
520 ## - SUMMARY, ETC.
Summary, etc. تطبيقات العرض والطلب والتوازن-تطبيقات على حساب المرونات-تطبيقات على توازن السوق-تطبيقات على سلوك المستهلك-نظرية المنفعة-نظرية منحنيات السوء-تطبيقات على سلوك المنتج-نظرية الانتاج-نظرية التكاليف-تطبيقات على توازن المنتج-سوق المنافسة التامة-تطبيقات على توازن المنتج-سوق الاحتكار المطلق-سوق المنافسة الاحتكارية-سوق احتكار القلة
653 ## - INDEX TERM--UNCONTROLLED
Uncontrolled term الاقتصاد الجزئي، الأسواق، المحاسبة
942 ## - ADDED ENTRY ELEMENTS (KOHA)
Koha item type كتب
المقتنيات
Withdrawn status Lost status Source of classification or shelving scheme Damaged status Not for loan Home library Current library Date acquired Serial enumeration / chronology Inventory number Total checkouts Full call number Barcode Date last seen Price effective from Koha item type
    Dewey Decimal Classification   NOT LOAN / إعارة داخلية مكتبة كلية العلوم الإقتصادية والعلوم التجارية وعلوم التسيير مكتبة كلية العلوم الإقتصادية والعلوم التجارية وعلوم التسيير 07/05/2026 الطابق الأرضي 317/1   أ/317ن1 317/1 07/05/2026 07/05/2026 كتب
    Dewey Decimal Classification   Available مكتبة كلية العلوم الإقتصادية والعلوم التجارية وعلوم التسيير مكتبة كلية العلوم الإقتصادية والعلوم التجارية وعلوم التسيير 07/05/2026 الطابق الأرضي 317/2   أ/317ن2 317/2 07/05/2026 07/05/2026 كتب
    Dewey Decimal Classification   Available مكتبة كلية العلوم الإقتصادية والعلوم التجارية وعلوم التسيير مكتبة كلية العلوم الإقتصادية والعلوم التجارية وعلوم التسيير 07/05/2026 الطابق الأرضي 317/3   أ/317ن3 317/3 07/05/2026 07/05/2026 كتب
    Dewey Decimal Classification   Available مكتبة كلية العلوم الإقتصادية والعلوم التجارية وعلوم التسيير مكتبة كلية العلوم الإقتصادية والعلوم التجارية وعلوم التسيير 07/05/2026 الطابق الثاني 317/4   أ/317ن4 317/4 07/05/2026 07/05/2026 كتب

موارد الويب المفتوحة


© University of Algiers 3 All Rights Reserved
|
Implemented by LECHELAH Riad